Tổ chức và bảo quản tài liệu: Giáo trình dành cho SV ĐH &c CĐ ngành Thư viện - Thông tin
Trình bày về công tác tổ chức và bảo quản tài liệu ngành thư thư viện-thông tin. Cụ thể: Tổ chức đăng ký tài liệu; Sắp xếp và kiểm kê tài liệu; Bảo quản tài liệu.
Đã lưu trong:
| Tác giả chính: | |
|---|---|
| Định dạng: | Sách |
| Năm xuất bản: |
H.
Trường Đại học văn hóa Hà Nội
2005
|
| Chủ đề: | |
| Tags: |
Thêm thẻ
Không có thẻ, Hãy là người đầu tiên gắn thẻ bản ghi này!
|
| LEADER | 01196nam a2200193 4500 | ||
|---|---|---|---|
| 082 | |a 025.84 |b NG527T | ||
| 100 | |a Nguyễn Tiến Hiển | ||
| 245 | |a Tổ chức và bảo quản tài liệu: |b Giáo trình dành cho SV ĐH &c CĐ ngành Thư viện - Thông tin |c Nguyễn Tiến Hiển | ||
| 260 | |a H. |b Trường Đại học văn hóa Hà Nội |c 2005 | ||
| 300 | |a 207tr. |c 19cm. | ||
| 520 | |a Trình bày về công tác tổ chức và bảo quản tài liệu ngành thư thư viện-thông tin. Cụ thể: Tổ chức đăng ký tài liệu; Sắp xếp và kiểm kê tài liệu; Bảo quản tài liệu. | ||
| 653 | |a Thư viện | ||
| 653 | |a Tổ chức | ||
| 653 | |a Bảo quản | ||
| 942 | |2 ddc |c STK0 | ||
| 999 | |c 10567 |d 10567 | ||
| 952 | |0 0 |1 0 |2 ddc |4 0 |6 025_840000000000000_NG527T |7 0 |8 000 |9 83090 |a qbu |b qbu |c D2 |d 2015-08-20 |l 1 |m 1 |o 025.84 NG527T |p 7250.c1 |r 2021-11-15 |s 2021-11-15 |w 2015-08-20 |y STK0 | ||
| 952 | |0 0 |1 0 |2 ddc |4 0 |6 025_840000000000000_NG527T |7 0 |8 000 |9 83091 |a qbu |b qbu |c D2 |d 2015-08-20 |o 025.84 NG527T |p 7250.c2 |r 0000-00-00 |w 2015-08-20 |y STK0 | ||
| 952 | |0 0 |1 0 |2 ddc |4 0 |6 025_840000000000000_NG527T |7 0 |8 000 |9 83092 |a qbu |b qbu |c D2 |d 2015-08-20 |o 025.84 NG527T |p 7250.c3 |r 0000-00-00 |w 2015-08-20 |y STK0 | ||